Intellectual property rights in biotechnology worldwide /

Bibliographic Details
Other Authors: Bent, Stephen A.
Format: Book
Language:English
Published: New York, N.Y. : Stockton Press, 1987.
Subjects:

MARC

Tag First Indicator Second Indicator Subfields
LEADER 00000cam a22000008a 4500
001 in00000011334
005 20151007052035.0
008 850614s1987 nyua b 00100 eng
010 |a  85014735  
020 |a 094381815X :  |c $80.00 
035 |a (OCoLC)12235958 
035 |9 AAA6013AM 
040 |a DLC  |c DLC  |d m/c  |d OCL  |d TXA  |d UtOrBLW 
049 |a TXAM  |c [A11045905] 
050 0 0 |a K1519.M5  |b I58 1987 
070 0 |a K1519.M5I5 
082 0 |a 346.04/86  |a 342.6486  |2 19 
245 0 0 |a Intellectual property rights in biotechnology worldwide /  |c Stephen A. Bent [and others]. 
263 |a 8711 
264 1 |a New York, N.Y. :  |b Stockton Press,  |c 1987. 
300 |a xx, 640 pages :  |b illustrations ;  |c 31 cm. 
336 |a text  |b txt  |2 rdacontent 
337 |a unmediated  |b n  |2 rdamedia 
338 |a volume  |b nc  |2 rdacarrier 
504 |a Includes bibliographical references and index. 
650 0 |a Microorganisms  |x Patents. 
650 0 |a Industrial microbiology  |x Patents. 
700 1 |a Bent, Stephen A. 
999 |a MARS 
999 f f |s c70b2d7d-f777-3796-bef5-417552aef3ee  |i 40953428-09da-3b17-8cdd-0b46316a01f4  |t 0 
952 f f |p ric  |a Texas A&M University  |b Rellis Campus  |c Joint Library Facility  |d Remote Storage  |t 0  |e K1519.M5 I58 1987  |h Library of Congress classification  |i unmediated -- volume  |m A14811045905 
998 f f |a K1519.M5 I58 1987  |t 0  |l Remote Storage